Fundamentos de la africanidad (Record no. 143445)

MARC details
000 -LEADER
campo de control de longitud fija 00574nam a2200181 i 4500
001 - NÚMERO DE CONTROL
campo de control 143445
003 - IDENTIFICADOR DE NÚMERO DE CONTROL
campo de control ES-MaACL
005 - FECHA Y HORA DE LA ÚLTIMA TRANSACCIÓN
campo de control 20230906200820.0
007 - CAMPO FIJO DE DESCRIPCIÓN FÍSICA--INFORMACIÓN GENERAL
campo de control de longitud fija t|
008 - DATOS DE LONGITUD FIJA--INFORMACIÓN GENERAL
campo de control de longitud fija 070214s1972 sp r ||||1| spa d
100 1# - ENTRADA PRINCIPAL--NOMBRE DE PERSONA
Nombre de persona Senghor, Léopold Sédar.
9 (RLIN) 105467
245 10 - MENCIÓN DEL TÍTULO
Título Fundamentos de la africanidad
Resto del título : (negritud y arabismo) /
Mención de responsabilidad, etc. Leopold Sedar Senghor ; traducción de C. M. J. Bartels.
260 ## - PUBLICACIÓN, DISTRIBUCIÓN, ETC.
Lugar de publicación, distribución, etc. Algorta :
Nombre del editor, distribuidor, etc. Zero,
Fecha de publicación, distribución, etc. 1972.
300 ## - DESCRIPCIÓN FÍSICA
Extensión 88 p. ;
Dimensiones 17 cm.
651 #4 - PUNTO DE ACCESO ADICIONAL DE MATERIA--NOMBRE GEOGRÁFICO
Nombre geográfico África-
Subdivisión general Civilización.
9 (RLIN) 7592
700 1# - ENTRADA AGREGADA--NOMBRE PERSONAL
Nombre de persona Bartels, C. M. J.
9 (RLIN) 26097
852 ## - LOCALIZACIÓN
Ubicación ES-MaACL
Número de control de estantería C-45516
Holdings
Estatus retirado Estado de pérdida Estado de daño No para préstamo Biblioteca de origen Biblioteca actual Ubicación en estantería Fecha de adquisición Fuente de adquisición Total de préstamos Signatura topográfica completa Código de barras Visto por última vez Precio de reemplazo Tipo de ítem Koha
        Biblioteca del Ateneo de Madrid Biblioteca del Ateneo de Madrid Depósito 2 17/01/2008     C-45516 1149243 23/02/2023 23/02/2023 Libro impreso